Nuevas normas de prosodia y ortografía. (Record no. 112952)
[ view plain ]
| 000 -LEADER | |
|---|---|
| campo de control de longitud fija | 00465nam a2200169 4500 |
| 001 - NÚMERO DE CONTROL | |
| campo de control | 112952 |
| 003 - IDENTIFICADOR DE NÚMERO DE CONTROL | |
| campo de control | ES-MaACL |
| 005 - FECHA Y HORA DE LA ÚLTIMA TRANSACCIÓN | |
| campo de control | 20230929062532.0 |
| 007 - CAMPO FIJO DE DESCRIPCIÓN FÍSICA--INFORMACIÓN GENERAL | |
| campo de control de longitud fija | t| |
| 008 - DATOS DE LONGITUD FIJA--INFORMACIÓN GENERAL | |
| campo de control de longitud fija | 061121s1952 sp r ||||1| spa d |
| 110 2# - ENTRADA PRINCIPAL--NOMBRE DE ENTIDAD CORPORATIVA | |
| Nombre de entidad corporativa o nombre de jurisdicción como elemento de entrada | Real Academia Española |
| 9 (RLIN) | 6336 |
| 245 10 - MENCIÓN DEL TÍTULO | |
| Título | Nuevas normas de prosodia y ortografía. |
| 260 ## - PUBLICACIÓN, DISTRIBUCIÓN, ETC. | |
| Lugar de publicación, distribución, etc. | Madrid : |
| Nombre del editor, distribuidor, etc. | Real Academia Española, |
| Fecha de publicación, distribución, etc. | 1952. |
| 300 ## - DESCRIPCIÓN FÍSICA | |
| Extensión | 134 p. ; |
| Dimensiones | 24 cm. |
| 852 ## - LOCALIZACIÓN | |
| Ubicación | ES-MaACL |
| Número de control de estantería | D-8728 |
| Sublocalización o colección | R.34190 |
| Estatus retirado | Estado de pérdida | Estado de daño | No para préstamo | Biblioteca de origen | Biblioteca actual | Ubicación en estantería | Fecha de adquisición | Fuente de adquisición | Total de préstamos | Signatura topográfica completa | Código de barras | Visto por última vez | Precio de reemplazo | Tipo de ítem Koha |
|---|---|---|---|---|---|---|---|---|---|---|---|---|---|---|
| Biblioteca del Ateneo de Madrid | Biblioteca del Ateneo de Madrid | Sala Valle Inclán | 17/01/2008 | D-8728 | 901117819 | 23/02/2023 | 23/02/2023 | Libro impreso |
